1997 AFL Premiership Team - Statistics

General Stats
  • This quiz has been taken 27 times
  • The average score is 9 of 23
Answer Stats
Hint Answer % Correct
Premiership Team Adelaide
92%
Half Back Flank Andrew McLeod
88%
Coach Malcolm Blight
76%
Rover Mark Bickley
64%
Back Pocket Ben Hart
60%
Centre Darren Jarman
60%
Ruck Shaun Rehn
52%
Half Forward Flank Nigel Smart
48%
Half Back Flank Simon Goodwin
48%
Ruck Rover Kane Johnson
44%
Interchange Tyson Edwards
40%
Full Forward Shane Ellen
36%
Forward Pocket Tory Bond
32%
Centre Half Forward David Pittman
28%
Interchange Brett James
24%
Centre Half Forward Matthew Robran
24%
Interchange Aaron Keating
20%
Half Forward Flank Clay Sampson
20%
Wing Kym Koster
20%
Wing Matthew Connell
20%
Full Back Rod Jameson
20%
Forward Pocket Chad Rintoul
16%
Back Pocket Peter Caven
16%
No matching quizzes found
Score Distribution
Percent of People with Each Score
Percentile by Number Answered
Your Score History
You have not taken this quiz